00000000nam##2200000za#4500
0019.691446
003CaOODSP
00520260106135351
007cr |||||||||||
008150407|2008||||xxc|||||o    f|0| 0 eng|d
020 |a978-1-100-10730-1
040 |aCaOODSP|beng
043 |an-cn---
0861 |aM154-16/2008E-PDF
1102 |aCANMET Energy Technology Centre (Canada)
24510|aCCSTRM – Canada's CO2 Capture & Storage Technology Roadmap |h[electronic resource]
2461 |aCanada's Carbon Dioxide Capture and Storage Technology Roadmap
260 |aOttawa - Ontario : |bNatural Resources Canada. |c[2008].
300 |a89p.|bfigs., glossary, graphs, maps, references, tables, photographs
590 |a14-03-Supp|b2014-01-17
77508|tFRTCSC – Feuille de route technologique sur la capture et le stockage du dioxyse de carbone du Canada |w(CaOODSP)9.635776
85640|ahttp://publications.gc.ca|qPDF|s12.63 MB|uhttps://publications.gc.ca/collections/collection_2014/rncan-nrcan/M154-16-2008-eng.pdf